Statistics for Fifa 22 Top 25 Germany Players

Click here to take the quiz!

General Stats

  • This quiz has been taken 283 times
  • The average score is 19 of 25

Answer Stats

RatingClubPlayer% Correct
90Bayern MunichManuel Neuer
100%
89Bayern MunichJoshua Kimmich
97%
88Real MadridToni Kroos
97%
90FC BarcelonaMarc-Andre Ter Stegen
96%
87Bayern MunichThomas Muller
94%
85Manchester CityIlkay Gundogan
93%
84ChelseaKai Havertz
93%
87Bayern MunichLeon Goretzka
91%
85Borussia DortmundMarco Reus
91%
85Bayern MunichSerge Gnabry
89%
84ChelseaTimo Werner
88%
83ChelseaAntonio Rudiger
86%
84Bayern MunichLeroy Sane
86%
86Borussia DortmundMats Hummels
84%
82Bayern MunichNiklas Sule
77%
83ArsenalBernd Leno
71%
82PSV EindhovenMario Gotze
68%
84Borussia MonchengladbachMatthias Ginter
67%
83Bergamo CalcioRobin Gosens
67%
83AS MonacoKevin Volland
66%
82Eintracht FrankfurtKevin Trapp
59%
82Borussia DortmundEmre Can
47%
82Borussia MonchengladbachLars Stindl
41%
82TSG HoffenheimOliver Baumann
40%
82Borussia MonchengladbachFlorian Neuhaus
33%

Score Distribution

Percentile by Number Answered

Percent of People with Each Score

Your Score History

You have not taken this quiz